Luis Buñuel Movies - Statistics

General Stats
  • This quiz has been taken 176 times
  • The average score is 12 of 32
Answer Stats
Hint Answer % Correct
1929 An Andalusian Dog
93%
1961 Viridiana
79%
1930 The Golden Age
77%
1962 The Exterminating Angel
72%
1977 That Obscure Object of Desire
65%
1970 Tristana
63%
1972 The Discreet Charm of the Bourgeoisie
60%
1967 Belle de Jour
59%
1974 The Phantom of Liberty
57%
1969 The Milky Way
56%
1950 The Forgotten
54%
1965 Simon of the Desert
52%
1964 The Diary of a Chambermaid
46%
1953 This Strange Passion
42%
1954 The Adventures of Robinson Crusoe
36%
1933 Land Without Bread
31%
1959 Nazarín
31%
1960 The Young One
20%
1954 Wuthering Heights
20%
1956 Death in the Garden
19%
1952 Ascent to Heaven
17%
1951 Susana
17%
1955 Rehearsal for a Crime
16%
1947 Magnificent Casino
15%
1954 Illusion Travels by Streetcar
14%
1953 The Brute
12%
1956 That is the Dawn
9%
1955 The River and Death
9%
1952 A Woman Without Love
7%
1951 The Daughter of Deceit
7%
1959 Fever Rises in El Pao
5%
1949 The Great Madcap
5%
No matching quizzes found
Score Distribution
Percent of People with Each Score
Percentile by Number Answered
Your Score History
You have not taken this quiz